000 00574nam a2200157 i 4500
001 179323
003 ES-MaACL
005 20230906220745.0
008 111102s2006 sp abe |||| | spa d
080 _a821.134.2-31"19"
100 1 _aBolívar Gómez-Urda, Antonio.
_9148444
245 1 0 _aBeatriz
_b: entre el sueño y la memoria /
_cAntonio Bolívar Gómez de Urda.
260 _aAlcalá la Real :
_bA. Bolívar,
_c2006 (
_e[Jaén] :
_fTres Impresores Sur)
300 _a300 p. :
_bil., mapas ;
_c24 cm.
852 _aES-MaACL
_jN-4692
_z. - Dedicatoria autógrafa del autor
999 _c179323
_d179323